000 00779cam a22002537a 4500
003 CHAP
005 20220329134545.0
008 971013s r 00010 d
010 _a22165
011 _a23137
035 _a27232
040 _cCHAP
090 _aD-114
110 2 _aColegio Superior de Agricultura Tropical. Cárdenas, Tab.
_925113
245 1 0 _aEnfermedades del arroz (Diapositiva)
260 _aCárdenas, Tab. :
_bColegio Superior de Agricultura Tropical,
_c(s.a.)
300 _a10 diapostitivas col. 2 x 2 plg. 1 guía
590 _aBATCH-UPD
_b10
_c20130110
_lUCH01
_h0920
590 _aCONVERSION
_b10
_c20130109
_lUCH01
_h1313
650 1 4 _aArroz
_xEnfermedades.
_97600
901 _aBK
942 _cD
949 _aD-114
_bBC
_cD
_d-62992
_eD
_i27232
_mD
_si
999 _c22165
_d22165